The fantasy of feminist history

Αποθηκεύτηκε σε:
Λεπτομέρειες βιβλιογραφικής εγγραφής
Κύριος συγγραφέας: Scott, Joan Wallach
Μορφή: Βιβλίο
Γλώσσα:English
Δημοσίευση: Durham [NC] ; London : Duke University Press, 2011.
Σειρά:Next wave provocations
Θέματα:
Ετικέτες: Προσθήκη ετικέτας
Δεν υπάρχουν, Καταχωρήστε ετικέτα πρώτοι!

MARC

LEADER 00000cam a2200000 i 4500
001 1/43145
008 140226s2011####xxk ||| | eng||
020 |a 9780822351252  
035 |l 10116875 
040 |a GR-MY-UA  |b gre  |e aacr 
041 0 |a eng 
082 0 |a 305.4201   |2 (22)  
100 1 |a Scott, Joan Wallach. 
245 1 4 |a The fantasy of feminist history /   |c Joan Wallach Scott.  
260 |a Durham [NC] ;   |a London :   |b Duke University Press,   |c 2011.  
300 |a 187 σ. ;   |c 24 εκ.  
490 1 |a (Next wave provocations)  
504 |a Περιλαμβάνει βιβλιογραφικές αναφορές (σ. [149]-179) και ευρετήριο.  
505 0 |a Introduction. "flyers into the unknown": gender, history, psychoanalysis -- Feminisms history -- Fantasy echo: history and the construction of identity -- Feminist reverberations -- Sexularism: on secularism and gender equality -- French seduction theory -- Epilogue. a feminist theory archive.  
650 0 0 |a Feminism  |x History. 
650 0 0 |a Psychoanalysis and feminism. 
650 0 0 |a Feminist theory. 
830 0 |a Next wave provocations 
852 |a INST  |b LESVOS  |e 20140226  |h 305.4201 SCO  |p 005100053464  |q 005100053464  |t BK  |y 0 
852 |a INST  |b LESVOS  |e 20160120  |h 305.4201 SCO  |p 005100057760  |q 005100057760  |t BK  |y 0 
901 |a BIBL1-2014-1 
909 |a Λ  |b 177709 
922 |a 1ΕΛΗ  |b 201210  |c ΤΜΗΜΑ ΚΟΙΝΩΝΙΚΗΣ ΑΝΘΡΩΠΟΛΟΓΙΑΣ ΚΑΙ ΙΣΤΟΡΙΑΣ  |d ΙΩΑΝΝΙΔΟΥ 
970 |a ΤΖΑΦΕΡΗ  |b ΕΥΑΓΓΕΛΙΑ  |z 2014/02/27